NFL Madden 25 Ratings - Statistics

General Stats
  • This quiz has been taken 175 times
  • The average score is 26 of 50
Answer Stats
# Position Answer Rating % Correct
15 QB Patrick Mahomes 99
99%
87 TE Travis Kelce 99
95%
8 QB Lamar Jackson 98
94%
18 WR Justin Jefferson 99
93%
10 WR Tyreek Hill 98
90%
22 HB Derrick Henry 98
89%
23 HB Christian McCaffrey 99
85%
85 TE George Kittle 98
82%
71 LT Trent Williams 99
79%
95 DT Quinnen Williams 92
75%
17 QB Josh Allen 93
74%
90 LOLB T.J. Watt 98
73%
88 WR Ceedee Lamb 96
71%
11 LOLB Micah Parsons 98
71%
26 HB Saquon Barkley 95
70%
54 MLB Fred Warner 98
69%
1 WR Ja'Marr Chase 94
69%
9 QB Joe Burrow 94
67%
95 RE Myles Garrett 98
67%
95 DT Chris Jones 97
63%
97 LE Nick Bosa 96
62%
0 MLB Roquan Smith 96
62%
2 CB Patrick Surtain II 97
61%
14 WR Amon-Ra St. Brown 95
60%
65 RT Lane Johnson 97
57%
11 WR A.J. Brown 95
55%
1 CB Sauce Gardner 96
54%
5 CB Jalen Ramsey 95
51%
3 FS Jessie Bates III 97
51%
24 HB Nick Chubb 94
45%
97 DT Dexter Lawrence II 97
38%
89 TE Mark Andrews 92
35%
98 LOLB Maxx Crosby 96
35%
13 WR Mike Evans 93
35%
58 RT Penei Sewell 96
35%
52 C Creed Humphrey 94
32%
39 FS Minkah Fitzpatrick 94
32%
70 RG Zach Martin 94
31%
23 CB Jaire Alexander 93
21%
28 HB Joe Mixon 93
21%
78 LT Laremy Tunsil 95
21%
97 LE Aidan Hutchinson 94
20%
78 LT Tristan Wirfs 95
20%
97 RE Cameron Heyward 93
18%
77 C Frank Ragnow 92
18%
62 LG Joe Thuney 93
16%
17 WR Terry McLaurin 92
15%
63 RG Chris Lindstrom 93
10%
72 LT Terron Armstead 92
9%
31 FS Antoine Winfield Jr. 93
8%
No matching quizzes found
Score Distribution
Percent of People with Each Score
Percentile by Number Answered
Your Score History
You have not taken this quiz